Normal view
MARC view
- Maryam Dodhy, Fatima Nasir
Entry Personal Name
001 - CONTROL NUMBER
- control field: 4069
003 - CONTROL NUMBER IDENTIFIER
- control field: NUST
005 - DATE AND TIME OF LATEST TRANSACTION
- control field: 20170823152904.0
008 - FIXED-LENGTH DATA ELEMENTS
- fixed length control field: 170823|| aca||aabn | a|a d
040 ## - CATALOGING SOURCE
- Original cataloging agency: NUST
- Transcribing agency: NUST
100 ## - HEADING--PERSONAL NAME
- Personal name: Maryam Dodhy, Fatima Nasir
670 ## - SOURCE DATA FOUND
- Source citation: Work cat.: (NUST): Maryam Dodhy, Fatima Nasir, Theta:A real-time comparison based exam preparatory portal, 2017
